| 000 | 01030cab a2200325 4500 | ||
|---|---|---|---|
| 001 | X2041 | ||
| 008 | 090401t1995 xxu||||| |||| 00| 0 eng d | ||
| 035 | _a(Sirsi) u21396 | ||
| 041 | _aeng | ||
| 245 | _aErdman to appeal to HL | ||
| 260 | _c1995 | ||
| 350 | _a0 | ||
| 490 |
_aProperty Week _v50(13) 30 March 1995, 8(1) |
||
| 520 | _aColliers Erdman Lewis are to appeal to HL following the CA decision that negligent valuers will be held liable for losses caused by a fall in the property market. | ||
| 650 | _aBOWERMAN & PARTNERS | ||
| 650 | _aCOLLIERS ERDMAN LEWIS | ||
| 650 | _aDUTY OF CARE | ||
| 650 | _aEDWARD ERDMAN | ||
| 650 | _aGOADSBY & HARDING | ||
| 650 | _aKEY SURVEYORS NATIONWIDE | ||
| 650 | _aNEGLIGENCE | ||
| 650 | _aNYKREDIT MORTGAGE BANK | ||
| 650 | _aPROFESSIONAL INDEMNITY INSURANCE | ||
| 650 | _aPROPERTY MARKET | ||
| 650 | _aPRUDENTIAL PROPERTY SERVICES | ||
| 650 | _aVALUERS | ||
| 690 | _aMANAGEMENT-BUSINESS MANAGEMENT-PROFESSIONAL PRACTICE | ||
| 942 | _n0 | ||
| 948 | _c04/03/1997 | ||
| 999 |
_c14363 _d14363 |
||